[Event "Titled Tuesday intern op 01st Apr Early"]
[Site "Chess.com INT"]
[Date "2025.04.01"]
[Round "10"]
[White "February, Jesse Nikki"]
[Black "Melikhov, Evgeny V"]
[Result "0-1"]
[WhiteElo "2052"]
[BlackElo "2138"]
[PlyCount "108"]
[EventDate "2025.04.01"]
[EventType "swiss (blitz)"]
[EventRounds "11"]
[EventCountry "USA"]
[SourceTitle "CB15_2025"]
[SourceDate "2025.04.09"]
[SourceVersion "1"]
[SourceVersionDate "2025.04.09"]
[SourceQuality "1"]

1. e4 c5 2. Nf3 d6 3. d4 cxd4 4. Nxd4 Nf6 5. Nc3 a6 6. a4 Nc6 7. g3 Qc7 8. Bg2 e5 9. Nde2 Be6 10. 0-0 Be7 11. h3 0-0 12. Be3 Na5 13. b3 Rac8 14. Ra2 Nc6 15. Nd5 Bxd5 16. exd5 Nb4 17. Rb2 Nxc2 18. Bg5 Nb4 19. Qd2 Nbxd5 20. Rc1 Qd7 21. Rbc2 h6 22. Rxc8 Rxc8 23. Rxc8+ Qxc8 24. Bxf6 Nxf6 25. Nc3 Qd7 26. Kh2 b5 27. axb5 axb5 28. Nd5 Nxd5 29. Qxd5 g6 30. Be4 Kg7 31. Bd3 b4 32. Bc4 Bg5 33. h4 Bc1 34. f4 Bb2 35. Bb5 Qf5 36. Qxd6 exf4 37. Bd3 fxg3+ 38. Qxg3 Qe5 39. Kh3 Qxg3+ 40. Kxg3 f5 41. Kf3 Kf6 42. Bc4 g5 43. hxg5+ hxg5 44. Kg3 Be5+ 45. Kf3 g4+ 46. Kf2 Kg5 47. Bd3 f4 48. Kg2 f3+ 49. Kf2 Kf4 50. Bc4 Bd4+ 51. Kf1 g3 52. Bd5 g2+ 53. Ke1 g1Q+ 54. Kd2 Qe3+ 0-1

[Event "Titled Tuesday intern op 25th Mar Early"]
[Site "Chess.com INT"]
[Date "2025.03.25"]
[Round "6"]
[White "Ishvi, Aggarwal"]
[Black "Melikhov, Evgeny V"]
[Result "0-1"]
[WhiteElo "1954"]
[BlackElo "2138"]
[PlyCount "122"]
[EventDate "2025.03.25"]
[EventType "swiss (blitz)"]
[EventRounds "11"]
[EventCountry "USA"]
[SourceTitle "CB14_2025"]
[SourceDate "2024.11.01"]
[SourceVersion "1"]
[SourceVersionDate "2024.11.01"]
[SourceQuality "1"]

1. e4 c5 2. Nc3 Nc6 3. f4 g6 4. Nf3 Bg7 5. Bc4 e6 6. 0-0 Nge7 7. d3 d5 8. Bb3 d4 9. Ne2 0-0 10. c3 Kh8 11. a4 f6 12. cxd4 cxd4 13. Qe1 Qb6 14. Bc4 a5 15. b3 Bd7 16. Ba3 Rfe8 17. Qf2 e5 18. fxe5 fxe5 19. Ng5 h6 20. Qh4 Nb4 21. Nf7+ Kh7 22. Nxh6 g5 23. Qxg5 Qxh6 24. Qg3 Ng6 25. Rf7 Be6 26. Rxb7 Bxc4 27. bxc4 Re7 28. Rb6 Rf8 29. h3 Ref7 30. c5 Qe3+ 31. Qxe3 dxe3 32. c6 Nf4 33. Nc3 Nfxd3 34. Nd5 e2 35. c7 e1Q+ 36. Rxe1 Nxe1 37. Nxb4 axb4 38. Bxb4 Rc8 39. Bxe1 Rfxc7 40. a5 Rc1 41. Kf2 R8c2+ 42. Kf1 Ra2 43. a6 Raa1 44. Kf2 Rxe1 45. a7 Rec1 46. Rb7 Ra2+ 47. Kg3 Rca1 48. h4 Rxa7 49. Rb5 Rf7 50. Kh3 Ra3+ 51. g3 Rff3 52. Kg4 Rxg3+ 53. Kf5 Raf3+ 54. Ke6 Rf6+ 55. Ke7 Rfg6 56. Rb7 Rh3 57. Kf7 Rxh4 58. Rb8 Rf4+ 59. Ke7 Rxe4 60. Re8 Re1 61. Kd7 e4 0-1

[Event "Titled Tuesday intern op 25th Mar Early"]
[Site "Chess.com INT"]
[Date "2025.03.25"]
[Round "10"]
[White "Kurniawan, Muhamad Agus"]
[Black "Melikhov, Evgeny V"]
[Result "1/2-1/2"]
[WhiteElo "2306"]
[BlackElo "2138"]
[PlyCount "193"]
[EventDate "2025.03.25"]
[EventType "swiss (blitz)"]
[EventRounds "11"]
[EventCountry "USA"]
[SourceTitle "CB14_2025"]
[SourceDate "2024.11.01"]
[SourceVersion "1"]
[SourceVersionDate "2024.11.01"]
[SourceQuality "1"]

1. d4 Nf6 2. Nf3 d5 3. c4 e6 4. e3 Be7 5. Nbd2 0-0 6. Qc2 b6 7. Be2 c5 8. dxc5 bxc5 9. cxd5 exd5 10. 0-0 Nc6 11. Rd1 h6 12. Nb3 Ne4 13. Bb5 Nb4 14. Qe2 a6 15. Ba4 Be6 16. Bd2 Qb6 17. Bxb4 Qxb4 18. Bc6 Rad8 19. Qxa6 Rd6 20. Qb5 Qxb5 21. Bxb5 Rb8 22. a4 Bf6 23. Ra2 d4 24. Ra3 dxe3 25. Rxd6 exf2+ 26. Kf1 Nxd6 27. Nxc5 Nxb5 28. axb5 Bc4+ 29. Kxf2 Rxb5 30. Ra8+ Kh7 31. b4 Rxb4 32. Nd7 Be6 33. Nf8+ Kg8 34. Nxe6+ Kh7 35. Nf8+ Kg8 36. Nd7+ Kh7 37. Nxf6+ gxf6 38. Rd8 Kg7 39. Rd4 Rb3 40. Rg4+ Kh7 41. Nd4 Ra3 42. Nf5 Ra5 43. Ne3 Ra3 44. Kf3 f5 45. Rf4 Kg6 46. h4 h5 47. g3 Rb3 48. Rc4 f6 49. Kf4 Ra3 50. Nxf5 Ra1 51. Ne7+ Kf7 52. Rc7 Rf1+ 53. Ke3 Re1+ 54. Kf2 Rxe7 55. Rc5 Kg6 56. Kf3 Ra7 57. Rc3 Ra4 58. Re3 Rb4 59. Re4 Rb3+ 60. Kf4 Ra3 61. Re8 Ra4+ 62. Re4 Ra3 63. Rd4 Rb3 64. Rd8 Rb4+ 65. Kf3 Rb3+ 66. Kg2 Rb5 67. Rg8+ Kf7 68. Rh8 Kg7 69. Rc8 Kg6 70. Kh3 Rb3 71. Rh8 Ra3 72. Rg8+ Kh7 73. Rb8 Kg6 74. Rb5 Rc3 75. Rb4 Ra3 76. Kg2 Rc3 77. Re4 Ra3 78. Kf2 Rb3 79. Re3 Rxe3 80. Kxe3 Kf5 81. Kf3 Ke5 82. Ke3 Kf5 83. Kf3 Ke5 84. g4 hxg4+ 85. Kxg4 Ke6 86. Kh5 Kf7 87. Kh6 f5 88. Kg5 f4 89. Kxf4 Kg6 90. Kg4 Kh6 91. h5 Kh7 92. Kg5 Kh8 93. Kg6 Kg8 94. Kh6 Kh8 95. Kg6 Kg8 96. h6 Kh8 97. h7 1/2-1/2

[Event "Titled Tuesday intern op 25th Mar Early"]
[Site "Chess.com INT"]
[Date "2025.03.25"]
[Round "8"]
[White "Logachiov, Aleksandr"]
[Black "Melikhov, Evgeny V"]
[Result "1-0"]
[WhiteElo "2129"]
[BlackElo "2138"]
[PlyCount "75"]
[EventDate "2025.03.25"]
[EventType "swiss (blitz)"]
[EventRounds "11"]
[EventCountry "USA"]
[SourceTitle "CB14_2025"]
[SourceDate "2024.11.01"]
[SourceVersion "1"]
[SourceVersionDate "2024.11.01"]
[SourceQuality "1"]

1. Nf3 f5 2. d4 Nf6 3. Nc3 d5 4. Bf4 e6 5. e3 Bd6 6. Bd3 0-0 7. 0-0 Ne4 8. Ne2 c5 9. c4 b5 10. cxd5 c4 11. Bxe4 fxe4 12. Bxd6 Qxd6 13. Ne5 exd5 14. Nf4 Nd7 15. Qh5 Bb7 16. f3 Rae8 17. Nxd7 Qxd7 18. fxe4 dxe4 19. Qe2 a5 20. Rac1 Ba6 21. b3 Rc8 22. bxc4 bxc4 23. Rc3 Qd6 24. Qc2 Rc7 25. Qxe4 Re7 26. Qc2 Rfe8 27. Rf3 Bb5 28. h3 Ba6 29. Nh5 Rf7 30. Nf4 Qe7 31. Qf2 Qb4 32. Nd5 Qb1+ 33. Kh2 Rxf3 34. Qxf3 Qe1 35. Rc2 Qh4 36. Rf2 Qd8 37. Qf7+ Kh8 38. Qf5 1-0

[Event "Titled Tuesday intern op 18th Mar Late"]
[Site "Chess.com INT"]
[Date "2025.03.18"]
[Round "10"]
[White "Melikhov, Evgeny V"]
[Black "Exposito Milan, Adrian"]
[Result "1-0"]
[WhiteElo "2138"]
[BlackElo "2163"]
[PlyCount "133"]
[EventDate "2025.03.18"]
[EventType "swiss (blitz)"]
[EventRounds "11"]
[EventCountry "USA"]
[SourceTitle "CB13_2025"]
[SourceDate "2025.03.26"]
[SourceVersion "1"]
[SourceVersionDate "2025.03.26"]
[SourceQuality "1"]

1. d4 d5 2. c4 e6 3. Nc3 Nf6 4. cxd5 exd5 5. Bg5 c6 6. e3 Be7 7. Bd3 Nbd7 8. Nge2 Nh5 9. Bxe7 Qxe7 10. g4 Nhf6 11. h3 Nb6 12. Qc2 Bd7 13. 0-0-0 0-0-0 14. Kb1 Kb8 15. Nc1 Ne8 16. Nb3 Nd6 17. Nc5 Bc8 18. N3a4 Nbc4 19. Ka1 h5 20. b3 Nb6 21. Be2 Nxa4 22. Nxa4 Ne4 23. Bf3 hxg4 24. hxg4 Nd6 25. Nc5 g6 26. Be2 Qf6 27. f4 Rh5 28. gxh5 Bf5 29. Bd3 Bc8 30. hxg6 fxg6 31. Bxg6 Rg8 32. Rdg1 b6 33. Na4 Bd7 34. Nc3 Rg7 35. Bd3 Re7 36. Qf2 Kb7 37. Qh4 Qf8 38. Qh8 Qxh8 39. Rxh8 Rxe3 40. Rd1 b5 41. Rh7 Kc8 42. Kb2 a5 43. Bc2 b4 44. Na4 Nb5 45. Rhh1 Bg4 46. Rde1 Be2 47. Rh2 Nxd4 48. Nc5 Nf3 49. Rhxe2 Nxe1 50. Rxe3 Ng2 51. Re5 Kc7 52. a3 Kd6 53. Re6+ Kc7 54. axb4 axb4 55. Nd3 Nh4 56. Rh6 Nf5 57. Rh5 Ne3 58. f5 Kd6 59. f6 c5 60. Rh6 c4 61. f7+ Ke7 62. Ne5 c3+ 63. Kc1 d4 64. Rh8 Kf6 65. f8Q+ Kxe5 66. Qg7+ Kd5 67. Rh5+ 1-0

[Event "Titled Tuesday intern op 18th Mar Late"]
[Site "Chess.com INT"]
[Date "2025.03.18"]
[Round "11"]
[White "Pereyra, Horacio"]
[Black "Melikhov, Evgeny V"]
[Result "0-1"]
[WhiteElo "2157"]
[BlackElo "2138"]
[PlyCount "112"]
[EventDate "2025.03.18"]
[EventType "swiss (blitz)"]
[EventRounds "11"]
[EventCountry "USA"]
[SourceTitle "CB13_2025"]
[SourceDate "2025.03.26"]
[SourceVersion "1"]
[SourceVersionDate "2025.03.26"]
[SourceQuality "1"]

1. d4 Nf6 2. Nc3 d5 3. Bg5 e6 4. e4 dxe4 5. Nxe4 Nbd7 6. Nxf6+ Nxf6 7. Nf3 c5 8. Bb5+ Bd7 9. Bxd7+ Qxd7 10. 0-0 cxd4 11. Bxf6 gxf6 12. Nxd4 Bc5 13. Nb3 Qxd1 14. Raxd1 Be7 15. c3 Rd8 16. f4 f5 17. Kf2 b6 18. Kf3 Bf6 19. Ke2 Ke7 20. Rxd8 Rxd8 21. Rd1 Rxd1 22. Kxd1 Kd6 23. Ke2 Kd5 24. Kd3 b5 25. Nd2 Bd8 26. b3 f6 27. c4+ bxc4+ 28. Nxc4 Bc7 29. Ne3+ Kc5 30. g3 Kb4 31. Nc4 e5 32. fxe5 fxe5 33. Kc2 e4 34. Ne3 Kc5 35. Nxf5 Kd5 36. Kd2 Bb6 37. Ke2 Ke5 38. Ne3 Kd4 39. Nc2+ Kc3 40. Ne3 Bc5 41. Nd5+ Kb2 42. b4 Bd4 43. b5 Kxa2 44. Nb4+ Kb3 45. Nc6 Bb6 46. g4 Kc4 47. h4 Kxb5 48. Ne5 Bd4 49. Nf7 Kc6 50. Ng5 Kd5 51. Nxh7 a5 52. g5 a4 53. h5 a3 54. h6 a2 55. Nf6+ Bxf6 56. gxf6 a1Q 0-1

[Event "Titled Tuesday intern op 18th Mar Late"]
[Site "Chess.com INT"]
[Date "2025.03.18"]
[Round "7"]
[White "Sanguinetti, Luis"]
[Black "Melikhov, Evgeny V"]
[Result "1-0"]
[WhiteElo "2178"]
[BlackElo "2138"]
[PlyCount "55"]
[EventDate "2025.03.18"]
[EventType "swiss (blitz)"]
[EventRounds "11"]
[EventCountry "USA"]
[SourceTitle "CB13_2025"]
[SourceDate "2025.03.26"]
[SourceVersion "1"]
[SourceVersionDate "2025.03.26"]
[SourceQuality "1"]

1. Nf3 f5 2. e4 fxe4 3. Ng5 Nf6 4. d3 e6 5. dxe4 Bb4+ 6. c3 Bc5 7. e5 Nd5 8. Bd3 g6 9. b4 Nxb4 10. cxb4 Bxb4+ 11. Kf1 0-0 12. Nxh7 Nc6 13. Bg5 Be7 14. Bxe7 Qxe7 15. Nxf8 Qxf8 16. Qe2 Qc5 17. Nd2 Nxe5 18. Re1 d6 19. Nf3 Nxd3 20. Qxd3 Kg7 21. h4 Qh5 22. g4 Qc5 23. h5 g5 24. Qg6+ Kf8 25. Nxg5 Qc4+ 26. Kg1 Qxg4+ 27. Kf1 Qc4+ 28. Re2 1-0

[Event "Titled Tuesday intern op 18th Mar Late"]
[Site "Chess.com INT"]
[Date "2025.03.18"]
[Round "1"]
[White "Zhao, Zhouqiao"]
[Black "Melikhov, Evgeny V"]
[Result "1-0"]
[WhiteElo "2171"]
[BlackElo "2138"]
[PlyCount "57"]
[EventDate "2025.03.18"]
[EventType "swiss (blitz)"]
[EventRounds "11"]
[EventCountry "USA"]
[SourceTitle "CB13_2025"]
[SourceDate "2025.03.26"]
[SourceVersion "1"]
[SourceVersionDate "2025.03.26"]
[SourceQuality "1"]

1. e4 e5 2. Nf3 Nc6 3. Bc4 Nf6 4. d3 Be7 5. 0-0 0-0 6. c3 d5 7. exd5 Nxd5 8. Re1 Nb6 9. Bb5 f6 10. d4 exd4 11. cxd4 a6 12. Be2 Nd5 13. h3 Rf7 14. Nc3 Kh8 15. Bc4 Nxc3 16. bxc3 Rf8 17. a4 Bd6 18. Bd3 Ne7 19. Qc2 g6 20. Bh6 Re8 21. Bd2 Bf5 22. c4 Bxd3 23. Qxd3 c6 24. Bc3 Kg7 25. a5 Ng8 26. Rxe8 Qxe8 27. Rb1 Qd7 28. d5 Re8 29. Ng5 1-0

[Event "Titled Tuesday intern op 11th Mar Late"]
[Site "Chess.com INT"]
[Date "2025.03.11"]
[Round "11"]
[White "Melikhov, Evgeny V"]
[Black "Harish, Neeraj"]
[Result "0-1"]
[WhiteElo "2138"]
[BlackElo "2169"]
[PlyCount "130"]
[EventDate "2025.03.11"]
[EventType "swiss (blitz)"]
[EventRounds "11"]
[EventCountry "USA"]
[SourceTitle "CB12_2025"]
[SourceDate "2025.03.19"]
[SourceVersion "1"]
[SourceVersionDate "2025.03.19"]
[SourceQuality "1"]

1. d4 d5 2. c4 c6 3. Nc3 Nf6 4. e3 e6 5. Nf3 Nbd7 6. Bd3 Bd6 7. 0-0 0-0 8. e4 dxc4 9. Bxc4 e5 10. Bg5 h6 11. Bh4 Re8 12. dxe5 Nxe5 13. Nxe5 Bxe5 14. Qxd8 Rxd8 15. f3 b5 16. Be2 g5 17. Bf2 Be6 18. a3 Rd2 19. Rab1 Bxc3 20. Be1 Rxe2 21. Bxc3 Nd7 22. h4 gxh4 23. Rf2 Rxf2 24. Kxf2 Nb6 25. Rh1 Na4 26. Bf6 Kh7 27. Rxh4 Kg6 28. Be5 Rd8 29. Ke3 Nb6 30. Bc3 Nc4+ 31. Kf2 a5 32. f4 f5 33. g4 fxe4 34. f5+ Bxf5 35. gxf5+ Kxf5 36. Rxh6 e3+ 37. Kf3 Rd1 38. Rf6+ Kg5 39. Rxc6 Rf1+ 40. Ke2 Rf2+ 41. Kd3 e2 42. Rc5+ Kf4 43. Rxb5 Nd6 44. Re5 Rf3+ 45. Kd2 Rxc3 46. Rxe2 Rc6 47. Rh2 Ke5 48. Rh5+ Ke6 49. Kd3 a4 50. Rh4 Ra6 51. Kc3 Kd7 52. Kb4 Kc6 53. Rh6 Rb6+ 54. Kxa4 Rxb2 55. Ka5 Kc5 56. Rh5+ Kc6 57. Rh6 Kc7 58. a4 Nb7+ 59. Ka6 Nc5+ 60. Ka7 Rb7+ 61. Ka8 Nd7 62. Rh7 Rb4 63. a5 Ra4 64. Rh5 Kc6 65. Ka7 Nc5 0-1

[Event "Titled Tuesday intern op 11th Mar Late"]
[Site "Chess.com INT"]
[Date "2025.03.11"]
[Round "1"]
[White "Melikhov, Evgeny V"]
[Black "Lortkipanidze, Nodar"]
[Result "0-1"]
[WhiteElo "2138"]
[BlackElo "2359"]
[PlyCount "82"]
[EventDate "2025.03.11"]
[EventType "swiss (blitz)"]
[EventRounds "11"]
[EventCountry "USA"]
[SourceTitle "CB12_2025"]
[SourceDate "2025.03.19"]
[SourceVersion "1"]
[SourceVersionDate "2025.03.19"]
[SourceQuality "1"]

1. d4 e6 2. c4 b6 3. Nc3 Bb7 4. e4 Bb4 5. e5 d6 6. Bf4 Bxc3+ 7. bxc3 Ne7 8. Nf3 Ng6 9. Bg3 0-0 10. Bd3 Nc6 11. Qe2 Na5 12. h4 h6 13. h5 Ne7 14. Bh4 Qd7 15. Bxe7 Qxe7 16. Rh3 c5 17. Rd1 cxd4 18. cxd4 d5 19. Bb1 Qb4+ 20. Kf1 Qxc4 21. Bd3 Qa4 22. Kg1 Rfc8 23. Bb1 Qc4 24. Bd3 Qa4 25. Rg3 Nc4 26. Bb1 Nb2 27. Qxb2 Qxd1+ 28. Kh2 Rc1 29. Rg4 Rxb1 30. Qc3 Qh1+ 31. Kg3 Qxh5 32. Qc7 Ba6 33. Rf4 Rf8 34. Qxa7 Bd3 35. Rh4 Qg6+ 36. Rg4 Qh7 37. Qe7 Bf5 38. Rh4 Qg6+ 39. Kh2 Rb2 40. Kg1 Be4 41. Nh2 Qxg2# 0-1

[Event "Titled Tuesday intern op 11th Mar Late"]
[Site "Chess.com INT"]
[Date "2025.03.11"]
[Round "8"]
[White "Meruga, Shanmukha R"]
[Black "Melikhov, Evgeny V"]
[Result "1-0"]
[WhiteElo "1985"]
[BlackElo "2138"]
[PlyCount "93"]
[EventDate "2025.03.11"]
[EventType "swiss (blitz)"]
[EventRounds "11"]
[EventCountry "USA"]
[SourceTitle "CB12_2025"]
[SourceDate "2025.03.19"]
[SourceVersion "1"]
[SourceVersionDate "2025.03.19"]
[SourceQuality "1"]

1. e4 c5 2. Nf3 d6 3. d4 cxd4 4. Qxd4 Nc6 5. Bb5 Bd7 6. Bxc6 Bxc6 7. c4 Nf6 8. Nc3 g6 9. Bg5 Bg7 10. Qd3 0-0 11. 0-0 a5 12. Rac1 a4 13. Rc2 Qa5 14. Rfc1 Rfc8 15. Nd5 Bxd5 16. cxd5 Rxc2 17. Rxc2 Qd8 18. g3 Ng4 19. Qb5 Ne5 20. Nxe5 Bxe5 21. Qxb7 f6 22. Bc1 Rb8 23. Qc6 Qb6 24. Qxb6 Rxb6 25. Kf1 f5 26. f3 fxe4 27. fxe4 Rb4 28. Re2 Rc4 29. Bf4 Bxf4 30. gxf4 Kf7 31. Kf2 e6 32. dxe6+ Kxe6 33. Ke3 d5 34. Kd3 Rb4 35. a3 Rxe4 36. Rxe4+ dxe4+ 37. Kxe4 Kf6 38. Kd4 Kf5 39. Kc4 Kxf4 40. Kb4 g5 41. Kxa4 g4 42. b4 h5 43. b5 h4 44. b6 g3 45. hxg3+ hxg3 46. b7 g2 47. b8Q+ 1-0

[Event "Titled Tuesday intern op 04th Mar Early"]
[Site "Chess.com INT"]
[Date "2025.03.04"]
[Round "9"]
[White "Barria Zuniga, Daniel"]
[Black "Melikhov, Evgeny V"]
[Result "1-0"]
[WhiteElo "2341"]
[BlackElo "2138"]
[PlyCount "43"]
[EventDate "2025.03.04"]
[EventType "swiss (blitz)"]
[EventRounds "11"]
[EventCountry "USA"]
[SourceTitle "CB11_2025"]
[SourceDate "2025.03.12"]
[SourceVersion "1"]
[SourceVersionDate "2025.03.12"]
[SourceQuality "1"]

1. d4 Nf6 2. c4 e6 3. Nf3 d5 4. Nc3 Bb4 5. Qa4+ Nc6 6. e3 0-0 7. Bd2 dxc4 8. Bxc4 Bd6 9. Nb5 e5 10. dxe5 Bxe5 11. 0-0-0 Bd6 12. Bc3 Bf5 13. Nfd4 Bg6 14. f3 a6 15. Nxd6 cxd6 16. Nxc6 bxc6 17. Qxc6 Qe7 18. e4 Rfc8 19. Qa4 d5 20. Bxd5 Nxd5 21. Rxd5 Qg5+ 22. Rxg5 1-0

[Event "Titled Tuesday intern op 04th Mar Early"]
[Site "Chess.com INT"]
[Date "2025.03.04"]
[Round "4"]
[White "Melikhov, Evgeny V"]
[Black "Kjaergaard Jensen, Jesper"]
[Result "0-1"]
[WhiteElo "2138"]
[BlackElo "2081"]
[PlyCount "48"]
[EventDate "2025.03.04"]
[EventType "swiss (blitz)"]
[EventRounds "11"]
[EventCountry "USA"]
[SourceTitle "CB11_2025"]
[SourceDate "2025.03.12"]
[SourceVersion "1"]
[SourceVersionDate "2025.03.12"]
[SourceQuality "1"]

1. d4 Nf6 2. c4 d6 3. Nc3 e5 4. dxe5 dxe5 5. Qxd8+ Kxd8 6. b3 Bf5 7. Bb2 c6 8. 0-0-0+ Kc7 9. Nf3 Nbd7 10. Rg1 Bc5 11. e3 Ng4 12. Rd2 Nxf2 13. Nd4 exd4 14. exd4 Be7 15. Rxf2 Bg5+ 16. Kd1 Be3 17. Ke1 Bxf2+ 18. Kxf2 Rae8 19. g4 Bg6 20. Bg2 h5 21. g5 h4 22. d5 Ne5 23. Ba3 Nd3+ 24. Kf1 Re1# 0-1

[Event "Titled Tuesday intern op 04th Mar Early"]
[Site "Chess.com INT"]
[Date "2025.03.04"]
[Round "5"]
[White "Schut, Han"]
[Black "Melikhov, Evgeny V"]
[Result "1-0"]
[WhiteElo "2088"]
[BlackElo "2138"]
[PlyCount "99"]
[EventDate "2025.03.04"]
[EventType "swiss (blitz)"]
[EventRounds "11"]
[EventCountry "USA"]
[SourceTitle "CB11_2025"]
[SourceDate "2025.03.12"]
[SourceVersion "1"]
[SourceVersionDate "2025.03.12"]
[SourceQuality "1"]

1. e4 c5 2. Nf3 d6 3. d4 cxd4 4. Nxd4 Nf6 5. f3 e5 6. Bb5+ Bd7 7. Bxd7+ Qxd7 8. Nf5 g6 9. Ne3 Nc6 10. c4 Bg7 11. Nc3 0-0 12. Ned5 Nxd5 13. Nxd5 Ne7 14. Nc3 f5 15. Bg5 Bf6 16. Bxf6 Rxf6 17. 0-0 f4 18. Nd5 Nxd5 19. Qxd5+ Qf7 20. Rfd1 Qxd5 21. Rxd5 Rc8 22. b3 Kf7 23. Rad1 Ke7 24. Kf2 Rc6 25. Ke2 Rf8 26. Kd3 a6 27. a4 Rc5 28. Kc3 Rxd5 29. Rxd5 b6 30. a5 Rb8 31. b4 b5 32. c5 dxc5 33. Rxe5+ Kd6 34. Rxc5 Rg8 35. Kd4 g5 36. e5+ Kd7 37. Kd5 g4 38. e6+ Ke7 39. Rc7+ Kf6 40. Rf7+ Kg6 41. Rxf4 gxf3 42. Rg4+ Kf6 43. Rxg8 Ke7 44. Rg3 f2 45. Rf3 h5 46. Rxf2 h4 47. Rf7+ Ke8 48. Kd6 h3 49. Rh7 hxg2 50. Rh8# 1-0

[Event "Titled Tuesday intern op 25th Feb Early"]
[Site "Chess.com INT"]
[Date "2025.02.25"]
[Round "3"]
[White "Brodowski, Piotr"]
[Black "Melikhov, Evgeny V"]
[Result "1-0"]
[WhiteElo "2460"]
[BlackElo "2138"]
[PlyCount "65"]
[EventDate "2025.02.25"]
[EventType "swiss (blitz)"]
[EventRounds "11"]
[EventCountry "USA"]
[SourceTitle "CB10_2025"]
[SourceDate "2025.03.05"]
[SourceVersion "1"]
[SourceVersionDate "2025.03.05"]
[SourceQuality "1"]

1. e4 e5 2. Nf3 Nc6 3. g3 d5 4. exd5 Qxd5 5. Nc3 Qd8 6. Bg2 Nf6 7. 0-0 Bc5 8. d3 0-0 9. Bg5 h6 10. Bxf6 Qxf6 11. Nd2 Qd8 12. Kh1 Nd4 13. Nce4 Be7 14. Nc4 f5 15. Nc3 Bd6 16. Ne2 Nxe2 17. Qxe2 Re8 18. Rae1 Qf6 19. f4 e4 20. dxe4 fxe4 21. Bxe4 Bh3 22. Bd5+ Kf8 23. Ne5 c6 24. Bg2 Bxg2+ 25. Kxg2 Kg8 26. Qc4+ Kh7 27. Qd3+ Kg8 28. Ng4 Qf7 29. Rxe8+ Rxe8 30. Qxd6 Re2+ 31. Rf2 Re1 32. Ne5 Qe8 33. Qd3 1-0

[Event "Titled Tuesday intern op 25th Feb Early"]
[Site "Chess.com INT"]
[Date "2025.02.25"]
[Round "5"]
[White "Melikhov, Evgeny V"]
[Black "Lai, Duc Minh1"]
[Result "1-0"]
[WhiteElo "2138"]
[BlackElo "2073"]
[PlyCount "73"]
[EventDate "2025.02.25"]
[EventType "swiss (blitz)"]
[EventRounds "11"]
[EventCountry "USA"]
[SourceTitle "CB10_2025"]
[SourceDate "2025.03.05"]
[SourceVersion "1"]
[SourceVersionDate "2025.03.05"]
[SourceQuality "1"]

1. d4 Nf6 2. c4 c5 3. d5 b5 4. Nf3 g6 5. cxb5 a6 6. b6 Qxb6 7. Nc3 d6 8. e4 Nbd7 9. a4 Bg7 10. Nd2 0-0 11. Nc4 Qb8 12. a5 Ra7 13. Be2 Rb7 14. 0-0 Rb4 15. Bd2 Re8 16. Re1 e6 17. Ra2 exd5 18. exd5 Bb7 19. Na4 Bxd5 20. Bxb4 Qxb4 21. b3 Ne5 22. Nab6 Bxc4 23. bxc4 Nc6 24. Qd2 Qxd2 25. Rxd2 Nd4 26. Kf1 Ne4 27. Ra2 Nc3 28. Bf3 Rxe1+ 29. Kxe1 Nxf3+ 30. gxf3 Nxa2 31. Nc8 Be5 32. f4 Bxf4 33. Ke2 Bxh2 34. Ke3 h5 35. f4 Nb4 36. Nxd6 Nc2+ 37. Kf3 1-0

[Event "Titled Tuesday intern op 25th Feb Early"]
[Site "Chess.com INT"]
[Date "2025.02.25"]
[Round "8"]
[White "Yang, Kaiqi"]
[Black "Melikhov, Evgeny V"]
[Result "1-0"]
[WhiteElo "2481"]
[BlackElo "2138"]
[PlyCount "55"]
[EventDate "2025.02.25"]
[EventType "swiss (blitz)"]
[EventRounds "11"]
[EventCountry "USA"]
[SourceTitle "CB10_2025"]
[SourceDate "2025.03.05"]
[SourceVersion "1"]
[SourceVersionDate "2025.03.05"]
[SourceQuality "1"]

1. d4 Nf6 2. c4 e6 3. Nc3 Bb4 4. f3 d5 5. a3 Bxc3+ 6. bxc3 c6 7. e4 dxe4 8. fxe4 e5 9. Nf3 Bg4 10. Qd3 Bxf3 11. gxf3 Nbd7 12. Rg1 Qa5 13. Rxg7 0-0-0 14. Rxf7 exd4 15. Bf4 Ne5 16. Bh3+ Nfd7 17. Bxe5 Qxe5 18. Qxd4 Qxd4 19. cxd4 Kc7 20. e5 Rhf8 21. Rxh7 Rxf3 22. Ke2 Rc3 23. Rg1 Rxc4 24. Kd3 Ra4 25. Rgg7 Rxa3+ 26. Ke4 Kb6 27. Bxd7 Rf8 28. Bf5 1-0

[Event "Titled Tuesday intern op 11th Feb Early"]
[Site "Chess.com INT"]
[Date "2025.02.11"]
[Round "8"]
[White "Khodko, Yurii N"]
[Black "Melikhov, Evgeny V"]
[Result "1-0"]
[WhiteElo "2354"]
[BlackElo "2138"]
[PlyCount "87"]
[EventDate "2025.02.11"]
[EventType "swiss (blitz)"]
[EventRounds "11"]
[EventCountry "USA"]
[SourceTitle "CB08_2025"]
[SourceDate "2025.02.19"]
[SourceVersion "1"]
[SourceVersionDate "2025.02.19"]
[SourceQuality "1"]

1. e4 e5 2. Nf3 Nc6 3. d4 exd4 4. c3 d5 5. exd5 Qxd5 6. Be2 Nf6 7. cxd4 Bb4+ 8. Nc3 0-0 9. 0-0 Qd8 10. Bg5 Be7 11. d5 Nb4 12. Bc4 c6 13. dxc6 Qxd1 14. Raxd1 Nxc6 15. Rfe1 Bg4 16. Be2 h6 17. Be3 Rfd8 18. h3 Bh5 19. a3 Rxd1 20. Rxd1 Rd8 21. Rxd8+ Bxd8 22. Nd4 Nxd4 23. Bxd4 Bxe2 24. Nxe2 a6 25. Nc3 Kf8 26. Kf1 Ke8 27. Ke2 Kd7 28. Ke3 Kc6 29. g4 g6 30. Kd3 h5 31. f3 hxg4 32. fxg4 Nd5 33. Nxd5 Kxd5 34. Bf2 f5 35. gxf5 gxf5 36. h4 Bf6 37. b3 b5 38. h5 Ke6 39. h6 Kf7 40. Bd4 f4 41. Bxf6 Kxf6 42. Ke4 Kg6 43. Kxf4 Kxh6 44. Ke5 1-0

[Event "Titled Tuesday intern op 11th Feb Early"]
[Site "Chess.com INT"]
[Date "2025.02.11"]
[Round "3"]
[White "Melikhov, Evgeny V"]
[Black "Hajiyev, Kanan"]
[Result "0-1"]
[WhiteElo "2138"]
[BlackElo "2188"]
[PlyCount "108"]
[EventDate "2025.02.11"]
[EventType "swiss (blitz)"]
[EventRounds "11"]
[EventCountry "USA"]
[SourceTitle "CB09_2025"]
[SourceDate "2025.02.27"]
[SourceVersion "1"]
[SourceVersionDate "2025.02.27"]
[SourceQuality "1"]

1. d4 a6 2. e4 c6 3. c4 d5 4. cxd5 cxd5 5. e5 Nc6 6. Nc3 Bf5 7. a3 e6 8. Nf3 Qb6 9. Be2 Nge7 10. 0-0 Bg4 11. Be3 Nf5 12. Na4 Qa7 13. Rc1 Be7 14. b4 Bxf3 15. Bxf3 Ncxd4 16. Nc5 Nxe3 17. fxe3 Nf5 18. Qd3 0-0 19. e4 dxe4 20. Bxe4 Rad8 21. Qh3 g6 22. Bxf5 exf5 23. Qe3 Rd5 24. e6 f6 25. Rfd1 Rfd8 26. Rxd5 Rxd5 27. Kh1 a5 28. h3 axb4 29. axb4 Qb6 30. Qa3 Bxc5 31. bxc5 Qxe6 32. Qa8+ Kg7 33. Qxb7+ Rd7 34. Qb5 Qd5 35. Qc4 Qxc4 36. Rxc4 Kf7 37. g4 fxg4 38. hxg4 Ke6 39. c6 Rc7 40. g5 fxg5 41. Kg2 Kd6 42. Kg3 Rxc6 43. Rd4+ Ke5 44. Rd7 h5 45. Rf7 Rc3+ 46. Kg2 Ke6 47. Rf8 Rc5 48. Kg3 Rf5 49. Rg8 Kf7 50. Rh8 Kg7 51. Rd8 g4 52. Kh4 Rf3 53. Rd7+ Kh6 54. Rh7+ Kxh7 0-1